| 000 -ლიდერი |
| ფიქსირებული სიგრძის საკონტროლო ველი |
01844nam a2200241Ia 4500 |
| 001 - საკონტროლო ნომერი |
| საკონტროლო ველი |
18939 |
| 003 - საკონტროლო ნომრის იდენტიფიკატორი |
| საკონტროლო ველი |
GE_BSU |
| 005 - ბოლო ოპერაციის თარიღი და დრო |
| საკონტროლო ველი |
20210423183920.0 |
| 008 - ფიქსირებული სიგრძის მონაცემთა ელემენტები - ზოგადი ინფორმაცია |
| ფიქსირებული სიგრძის საკონტროლო ველი |
181216s2013||||ge |||||||||||||| ||geo|| |
| 040 ## - კატალოგიზაციის წყარო |
| Transcribing agency |
GE_BSU |
| 041 ## - ენის კოდი |
| Language code of text/sound track or separate title |
geo |
| 080 ## - უნივერსალური ათობითი კლასიფიკაციის ინდექსი |
| Universal Decimal Classification number |
63 ძ-59 |
| 100 ## - მთავარი ჩანაწერი - პიროვნების სახელი |
| Personal name |
ძირკვაძე, არჩილ |
| 9 (RLIN) |
11601 |
| 245 ## - ცნობა სათაურის შესახებ |
| Title |
აჭარისა და ართვინის ვილაიეთის ტყის შემქმნელი ძირითად ფორმაციებში ბუნებრივი განახლებისა და აღმონაცენ - მოზარდის ფორმირების თავისებურებანი / |
| Statement of responsibility, etc |
არჩილ ძირკვაძე; სამეცნიერო ხელმძღვანელი ა. შაინიძე, ო. ემინადაოღლუ; ბათუმის შოთა რუსთაველის სახ-ფო უნ-ტი. |
| 264 ## - წარმოების, გამოცემის, დისტრიბუციის და სხვა ცნობები |
| გამოცემის, წარმოების, დისტრიბუციის... ადგილი |
ბათუმი, |
| გამოცემის, წარმოების, დისტრიბუციის... თარიღი |
2013. |
| 300 ## - ფიზიკური აღწერა |
| Extent |
150 გვ.; |
| Other physical details |
30 სმ. |
| 653 ## - INDEX TERM--UNCONTROLLED |
| Uncontrolled term |
აჭარისა და ართვინის ვილაიეთის ტყის შემქმნელი ძირითად ფორმაციებში ბუნებრივი განახლებისა და აღმონაცენ - მოზარდის ფორმირების თავისებურებანი |
| 653 ## - INDEX TERM--UNCONTROLLED |
| Uncontrolled term |
დისერტაცია |
| 653 ## - INDEX TERM--UNCONTROLLED |
| Uncontrolled term |
სოფლის მეურნეობა |
| 700 ## - ADDED ENTRY--PERSONAL NAME |
| Personal name |
შაინიძე, ა. |
| Relator term |
სამეცნიერო ხელმძღვანელი |
| 9 (RLIN) |
11602 |
| 700 ## - ADDED ENTRY--PERSONAL NAME |
| Personal name |
ემინადაოღლუ, ო. |
| Relator term |
სამეცნიერო ხელმძღვანელი |
| 9 (RLIN) |
11603 |
| 942 ## - ADDED ENTRY ELEMENTS (KOHA) |
| Koha item type |
წიგნი |
| Source of classification or shelving scheme |
|